5HLuxD.jpg

KING HENRY VIII SENIOR AND PRIMARY SCHOOL LIBRARY OPAC

I wonder why camels have humps and other questions about animals / (Record no. 4697)

000 -LEADER
fixed length control field 00531cam a2200157 a 4500
008 - FIXED-LENGTH DATA ELEMENTS--GENERAL INFORMATION
fixed length control field 041222r20041993enka j 001 0 eng
010 ## - LIBRARY OF CONGRESS CONTROL NUMBER
LC control number 92044260
020 ## - INTERNATIONAL STANDARD BOOK NUMBER
International Standard Book Number 0753405024
082 04 - DEWEY DECIMAL CLASSIFICATION NUMBER
Classification number 500 GAN
Item number .W872
100 1# - MAIN ENTRY--PERSONAL NAME
Personal name Ganeri, Anita,
Dates associated with a name 1961-
245 10 - TITLE STATEMENT
Title I wonder why camels have humps and other questions about animals /
Statement of responsibility, etc. Anita Ganeri.
260 ## - PUBLICATION, DISTRIBUTION, ETC.
Place of publication, distribution, etc. London :
Name of publisher, distributor, etc. Kingfisher ;
Place of publication, distribution, etc. Danbury, Conn. :
Name of publisher, distributor, etc. Grolier,
Date of publication, distribution, etc. 2004, c1993.
300 ## - PHYSICAL DESCRIPTION
Extent 32 p. :
Other physical details col. ill. ;
Dimensions 29 cm +
Accompanying material 1 compact disc (4 3/4 in)
500 ## - GENERAL NOTE
General note Includes index.
942 ## - ADDED ENTRY ELEMENTS (KOHA)
Source of classification or shelving scheme
Holdings
Withdrawn status Lost status Source of classification or shelving scheme Damaged status Not for loan Collection code Permanent Location Current Location Shelving location Date acquired Total Checkouts Full call number Barcode Date last seen Date last checked out Price effective from Koha item type Public note
          Non-Fiction KH8 Primary School Library KH8 Primary School Library Non Fiction 2025-03-10 1 500 GAN KHPL000006428 2025-12-05 2025-04-30 2025-03-10 Books - Non Ficton KH8 PRIMARY LIBRARY

Powered By KH8 IT Dept